[Event "Abu Dhabi Open 2015"]
[Site "Abu Dhabi UAE"]
[Date "2015.08.23"]
[Round "1"]
[White "Gevorgyan, David Sh"]
[Black "Kryvoruchko, Yuriy"]
[Result "0-1"]
[WhiteElo "2374"]
[BlackElo "2697"]
[PlyCount "128"]
[EventDate "2015.08.23"]

1. d4 Nf6 2. c4 e6 3. Nc3 Bb4 4. e3 b6 5. Bd3 Bb7 6. Nf3 O-O 7. Qc2 c5 8. a3
Bxc3+ 9. bxc3 d6 10. O-O Bxf3 11. gxf3 e5 12. d5 Re8 13. a4 a5 14. Kg2 Nbd7 15.
Bd2 Nf8 16. Rh1 Nh5 17. Rag1 Qf6 18. Bf5 g6 19. Bd3 Kh8 20. h4 Nd7 21. Be2 Qe7
22. Kf1 f5 23. Ke1 Ndf6 24. Kd1 Qd7 25. Kc1 e4 26. f4 Ng4 27. Be1 Nhf6 28. Kb2
Kg7 29. Ka3 Kf7 30. Qb2 Ke7 31. Rg2 Kd8 32. Qb5 Rg8 33. Bd2 Rb8 34. Rb1 Rg7 35.
Qxd7+ Kxd7 36. Rh1 h6 37. Kb3 Rbg8 38. Be1 g5 39. hxg5 hxg5 40. fxg5 Rxg5 41.
Rgg1 Ne5 42. Rxg5 Rxg5 43. Kc2 Rg2 44. Bf1 Rg7 45. Be2 Ke7 46. Kd2 Nh7 47. Rh5
Ng5 48. Kd1 Ngf3 49. Rh1 Rg4 50. Kc2 Rg2 51. Kd1 Nh2 52. Kd2 Kf6 53. Kd1 Nef3
54. Bxf3 Nxf3 55. Ke2 Rg1 56. Rxg1 Nxg1+ 57. Kd1 Nf3 58. Ke2 Ne5 59. f4 exf3+
60. Kf1 Nxc4 61. Bg3 Nxe3+ 62. Kf2 Nxd5 63. c4 Nc3 64. Bxd6 Ne4+ 0-1

[Event "Abu Dhabi Open 2015"]
[Site "Abu Dhabi UAE"]
[Date "2015.08.24"]
[Round "2"]
[White "Belous, Vladimir"]
[Black "Almasi, Zoltan"]
[Result "1-0"]
[WhiteElo "2566"]
[BlackElo "2700"]
[PlyCount "117"]
[EventDate "2015.08.23"]

1. c4 c5 2. Nf3 Nc6 3. Nc3 g6 4. e3 Bg7 5. d4 d6 6. d5 Na5 7. Bd3 Nf6 8. O-O
O-O 9. h3 Bd7 10. e4 e5 11. Bg5 h6 12. Be3 Nh5 13. Re1 Qf6 14. Bf1 b6 15. Nd2
Qe7 16. g3 Qe8 17. Be2 Nf6 18. Kh2 Qc8 19. Bf1 Nh7 20. Nf3 a6 21. Na4 Qc7 22.
b4 Nb7 23. Rb1 b5 24. bxc5 bxa4 25. c6 Bxc6 26. dxc6 Nd8 27. Qxa4 Nf6 28. c5 d5
29. Nxe5 Qxe5 30. Bd4 Qxd4 31. Qxd4 Ng4+ 32. hxg4 Bxd4 33. exd5 Bxc5 34. Rec1
Bd6 35. c7 Rc8 36. cxd8=Q Rcxd8 37. Bxa6 Rfe8 38. Kg2 Re4 39. Rc4 Re2 40. a4
Ra2 41. Bb5 Rb8 42. Re1 Kf8 43. Rc6 Rd8 44. Re2 Ra1 45. Rcc2 Rb8 46. Ra2 Rd1
47. Bc6 Rbb1 48. a5 Rg1+ 49. Kf3 Bc5 50. Re8+ Kg7 51. a6 Rb3+ 52. Ke2 Rg2 53.
Kf1 Rh2 54. Kg1 Rxf2 55. Rxf2 Rb2 56. d6 Rxf2 57. d7 Ra2+ 58. Kf1 Bb6 59. Bb5
1-0

[Event "Abu Dhabi Open 2015"]
[Site "Abu Dhabi UAE"]
[Date "2015.08.24"]
[Round "2"]
[White "Kryvoruchko, Yuriy"]
[Black "Vaibhav, Suri"]
[Result "1-0"]
[WhiteElo "2697"]
[BlackElo "2552"]
[PlyCount "67"]
[EventDate "2015.08.23"]

1. e4 c5 2. Nf3 e6 3. d4 cxd4 4. Nxd4 Nc6 5. Nc3 Qc7 6. Be3 a6 7. Qd2 Nf6 8.
O-O-O Bb4 9. f3 O-O 10. a3 Be7 11. g4 b5 12. h4 Ne5 13. h5 b4 14. axb4 Bxb4 15.
g5 Ne8 16. f4 Nc4 17. Bxc4 Qxc4 18. Nde2 Rb8 19. Bd4 a5 20. Qe3 Ba6 21. g6 h6
22. f5 Be7 23. Rhg1 f6 24. Nf4 a4 25. e5 fxe5 26. Bxe5 Rb7 27. fxe6 dxe6 28.
Bd4 Nc7 29. Nfd5 Bd6 30. Nf6+ gxf6 31. g7 Rf7 32. Qxh6 Bf4+ 33. Qxf4 Ne8 34. h6
1-0

[Event "Abu Dhabi Open 2015"]
[Site "Abu Dhabi UAE"]
[Date "2015.08.25"]
[Round "3"]
[White "Salem, A.R. Saleh"]
[Black "Kryvoruchko, Yuriy"]
[Result "1-0"]
[WhiteElo "2595"]
[BlackElo "2697"]
[PlyCount "59"]
[EventDate "2015.08.23"]

1. d4 Nf6 2. c4 e6 3. Nf3 b6 4. Nc3 Bb7 5. e3 d5 6. cxd5 exd5 7. Bb5+ c6 8. Ba4
Bd6 9. Ne5 O-O 10. O-O c5 11. Bd2 a6 12. Rc1 Nbd7 13. f4 b5 14. Bc2 cxd4 15.
exd4 Qb6 16. Kh1 Qxd4 17. Ne2 Qb6 18. Bc3 Rfe8 19. Nxd7 Nxd7 20. Ng3 Bf8 21.
Bd4 Qd8 22. Nh5 g6 23. Qg4 Bc5 24. f5 Ne5 25. fxg6 fxg6 26. Bxe5 Rxe5 27. Bxg6
Rg5 28. Qe6+ Kh8 29. Rf7 hxg6 30. Nf6 1-0

[Event "Abu Dhabi Open 2015"]
[Site "Abu Dhabi UAE"]
[Date "2015.08.25"]
[Round "3"]
[White "Almasi, Zoltan"]
[Black "Raetsky, Alexander"]
[Result "1-0"]
[WhiteElo "2700"]
[BlackElo "2402"]
[PlyCount "65"]
[EventDate "2015.08.23"]

1. Nf3 d5 2. g3 Nc6 3. d4 Bg4 4. Bg2 Qd7 5. h3 Bf5 6. c4 e6 7. Nc3 Bb4 8. O-O
Bxc3 9. bxc3 Be4 10. cxd5 exd5 11. c4 Nge7 12. cxd5 Qxd5 13. Ba3 O-O-O 14. e3
Rhe8 15. Qe2 Qa5 16. Bb2 Nd5 17. Rfc1 Ncb4 18. Ne5 Bxg2 19. Kxg2 f6 20. a3 Na6
21. Nc4 Qa4 22. Qg4+ Kb8 23. Qxg7 h5 24. Qh7 Rh8 25. Qf5 h4 26. g4 Rhe8 27. e4
Nb6 28. Nxb6 axb6 29. Rab1 Ka7 30. Qxf6 Rf8 31. Qxh4 c5 32. Qh6 cxd4 33. Qxb6+
1-0

[Event "Abu Dhabi Open 2015"]
[Site "Abu Dhabi UAE"]
[Date "2015.08.25"]
[Round "4"]
[White "Nevednichy, Vladislav"]
[Black "Almasi, Zoltan"]
[Result "1-0"]
[WhiteElo "2549"]
[BlackElo "2700"]
[PlyCount "71"]
[EventDate "2015.08.23"]

1. e4 c5 2. Nf3 d6 3. Bb5+ Nd7 4. d4 cxd4 5. Qxd4 Ngf6 6. O-O a6 7. Bxd7+ Bxd7
8. Bg5 h6 9. Bxf6 gxf6 10. Nc3 Rg8 11. Nd5 Bh3 12. Ne1 Rc8 13. c4 Rc6 14. Kh1
Bd7 15. Nc2 Bg7 16. Qd3 e6 17. Nde3 Bf8 18. f4 Rc8 19. Nd4 Be7 20. b3 Qa5 21.
a4 Qc5 22. Rab1 a5 23. Rbd1 Rd8 24. f5 Qe5 25. Rde1 Qc5 26. Re2 Rc8 27. Nb5 Kd8
28. Qd2 b6 29. Nc2 Rg5 30. Ncd4 h5 31. Rd1 Qb4 32. Qd3 Bxb5 33. axb5 Kd7 34.
Nf3 Rg7 35. e5 Qc5 36. exd6 1-0

[Event "Abu Dhabi Open 2015"]
[Site "Abu Dhabi UAE"]
[Date "2015.08.25"]
[Round "4"]
[White "Kryvoruchko, Yuriy"]
[Black "Predke, Alexandr"]
[Result "1-0"]
[WhiteElo "2697"]
[BlackElo "2548"]
[PlyCount "79"]
[EventDate "2015.08.23"]

1. c4 Nf6 2. Nf3 e6 3. b3 b6 4. g3 Bb7 5. Bg2 Be7 6. Bb2 O-O 7. O-O d5 8. e3 c5
9. Nc3 Nbd7 10. d3 Re8 11. Qe2 a6 12. Nd2 Qc7 13. f4 dxc4 14. bxc4 Bxg2 15.
Qxg2 Rad8 16. g4 Nb8 17. g5 Nh5 18. Qe2 g6 19. Nde4 Qc6 20. a4 Nd7 21. Ng3 Nxg3
22. hxg3 f5 23. gxf6 Bxf6 24. Ne4 Bxb2 25. Qxb2 Rf8 26. Rab1 Qxa4 27. Ra1 Qc6
28. Rxa6 e5 29. Ra7 Qe6 30. Qh2 Qe7 31. Qh3 Rf5 32. g4 Rf7 33. g5 Kh8 34. fxe5
Rxf1+ 35. Qxf1 Qe6 36. Qf4 Rf8 37. Nf6 Nxf6 38. gxf6 Qh3 39. Kf2 h6 40. e6 1-0

[Event "Abu Dhabi Open 2015"]
[Site "Abu Dhabi UAE"]
[Date "2015.08.26"]
[Round "5"]
[White "Sumets, Andrey"]
[Black "Kryvoruchko, Yuriy"]
[Result "1/2-1/2"]
[WhiteElo "2596"]
[BlackElo "2697"]
[PlyCount "63"]
[EventDate "2015.08.23"]

1. d4 Nf6 2. c4 e6 3. Nf3 b6 4. g3 Bb7 5. Bg2 Be7 6. O-O O-O 7. Re1 Na6 8. Ne5
Bxg2 9. Kxg2 c5 10. d5 Qc7 11. Nf3 Ne4 12. Bf4 Qb7 13. Nc3 f5 14. Qb3 Bf6 15.
Nb5 exd5 16. cxd5 c4 17. Qxc4 Rac8 18. Qb3 Nac5 19. Qa3 g5 20. Nd6 Nxd6 21.
Bxd6 Rfe8 22. Rad1 Ne4 23. Nd2 Qxd5 24. Nxe4 Qxe4+ 25. Kg1 Rc2 26. Qb3+ Kh8 27.
f3 Qe3+ 28. Qxe3 Rxe3 29. Kf2 Re6 30. Ba3 d6 31. Rd5 f4 32. Rxd6 1/2-1/2

[Event "Abu Dhabi Open 2015"]
[Site "Abu Dhabi UAE"]
[Date "2015.08.26"]
[Round "5"]
[White "Almasi, Zoltan"]
[Black "Tissir, Mohamed"]
[Result "1-0"]
[WhiteElo "2700"]
[BlackElo "2351"]
[PlyCount "63"]
[EventDate "2015.08.23"]

1. e4 c5 2. Nf3 Nc6 3. d4 cxd4 4. Nxd4 Qb6 5. Nb3 Nf6 6. Nc3 e6 7. Bd3 a6 8. f4
d6 9. Qf3 Be7 10. Be3 Qc7 11. g4 Nb4 12. g5 Nd7 13. O-O-O Nxd3+ 14. cxd3 b5 15.
Kb1 b4 16. Ne2 a5 17. Rc1 Qb7 18. Ng3 a4 19. Nd2 Qb5 20. Bd4 O-O 21. Nc4 d5 22.
exd5 Bb7 23. Rhe1 Bxd5 24. Qe2 Rfd8 25. f5 Bxg5 26. Qg4 Bf6 27. Nh5 Bxd4 28.
Qxd4 e5 29. Nxe5 Nxe5 30. Qxe5 f6 31. Qe7 Qd7 32. Nxf6+ 1-0

[Event "Abu Dhabi Open 2015"]
[Site "Abu Dhabi UAE"]
[Date "2015.08.27"]
[Round "6"]
[White "Kryvoruchko, Yuriy"]
[Black "Romanov, Evgeny"]
[Result "1-0"]
[WhiteElo "2697"]
[BlackElo "2586"]
[PlyCount "47"]
[EventDate "2015.08.23"]

1. e4 e5 2. Nf3 Nf6 3. Nxe5 d6 4. Nf3 Nxe4 5. Nc3 Nxc3 6. dxc3 Be7 7. Be3 O-O
8. Qd2 b6 9. O-O-O Bb7 10. h4 Nd7 11. Nd4 Ne5 12. Nf5 Bf6 13. Bg5 h6 14. f4 Nd7
15. Re1 Kh8 16. Bd3 Re8 17. Qd1 Rxe1 18. Rxe1 Nc5 19. Nxh6 Nxd3+ 20. Qxd3 Qd7
21. Bxf6 gxf6 22. Qd4 Kh7 23. Qxf6 Re8 24. Nf5 1-0

[Event "Abu Dhabi Open 2015"]
[Site "Abu Dhabi UAE"]
[Date "2015.08.27"]
[Round "6"]
[White "Vakhidov, Jahongir"]
[Black "Almasi, Zoltan"]
[Result "1/2-1/2"]
[WhiteElo "2525"]
[BlackElo "2700"]
[PlyCount "171"]
[EventDate "2015.08.23"]

1. c4 c5 2. Nf3 Nc6 3. Nc3 Nf6 4. g3 g6 5. Bg2 Bg7 6. d4 cxd4 7. Nxd4 O-O 8.
O-O Qa5 9. Nb3 Qh5 10. Nd5 d6 11. Nf4 Qf5 12. Bd2 Qd7 13. Bc3 e6 14. a4 b6 15.
a5 Rb8 16. axb6 axb6 17. Nd3 Bb7 18. Qd2 Rfd8 19. Rfd1 Qc8 20. Ra4 Ne7 21. f3
e5 22. e4 Nd7 23. Bh3 f5 24. Nf2 Nf6 25. Qe3 Qc6 26. Rb4 Ba8 27. Nd2 Qc5 28.
Qe2 Bh6 29. Rb5 Qe3 30. Qf1 Bc6 31. Re1 Qg5 32. f4 Qh5 33. exf5 gxf5 34. Rb3
Ng6 35. Qe2 Qxe2 36. Rxe2 Bxf4 37. Bxf5 Bh6 38. Nde4 Nxe4 39. Bxe4 Rdc8 40. Rb4
Bf8 41. Bxc6 Rxc6 42. Ne4 Rbc8 43. Rd2 Rxc4 44. Rxc4 Rxc4 45. Nxd6 Rc6 46. Ne4
Rc4 47. Nf6+ Kf7 48. Nd7 Ke6 49. Kg2 Bc5 50. Nxc5+ Rxc5 51. Kf3 Rc4 52. Rd8 Ne7
53. Re8 e4+ 54. Ke2 b5 55. Bd2 Kf7 56. Rb8 Nc6 57. Rb7+ Kg6 58. Bc3 b4 59. Bh8
Nd4+ 60. Bxd4 Rxd4 61. Rb5 Kf6 62. g4 Rd3 63. Rxb4 Ke5 64. Rb8 Rh3 65. Rb5+ Kf4
66. Rf5+ Kxg4 67. Rf7 h5 68. Rg7+ Kf5 69. Rf7+ Ke6 70. Rf8 Rb3 71. Rh8 Rh3 72.
Re8+ Kf5 73. Rf8+ Kg4 74. Rg8+ Kh4 75. Rb8 Rxh2+ 76. Ke3 Kg3 77. b4 Rb2 78. b5
h4 79. Rg8+ Kh2 80. Rg5 Rb4 81. b6 h3 82. Rg6 Kh1 83. Kf4 Kh2 84. Ke3 Kh1 85.
Kf4 Kh2 86. Ke3 1/2-1/2

[Event "Abu Dhabi Open 2015"]
[Site "Abu Dhabi UAE"]
[Date "2015.08.29"]
[Round "7"]
[White "Almasi, Zoltan"]
[Black "Visakh, N R."]
[Result "1/2-1/2"]
[WhiteElo "2700"]
[BlackElo "2411"]
[PlyCount "101"]
[EventDate "2015.08.23"]

1. e4 c5 2. Nf3 d6 3. d4 cxd4 4. Nxd4 Nf6 5. Nc3 a6 6. Bg5 e6 7. f4 Qc7 8. Bxf6
gxf6 9. Qd2 b5 10. Be2 Bb7 11. Bh5 Ke7 12. O-O-O b4 13. Nd5+ exd5 14. exd5 Kd8
15. Rhe1 Bxd5 16. Qe3 Qd7 17. Nb3 Bxb3 18. Qxb3 a5 19. Bxf7 Be7 20. Bd5 Ra7 21.
Re2 Na6 22. Rde1 Qf5 23. Qc4 Nc5 24. Qb5 Qc8 25. Kb1 h5 26. Bc6 Rc7 27. Qxa5
Qa6 28. Rxe7 Qxc6 29. Rxc7 Qxc7 30. Qxb4 Re8 31. Rxe8+ Kxe8 32. Qe1+ Kd8 33. b3
Qc6 34. Qc3 Qxg2 35. Qxf6+ Kc7 36. Qf7+ Kc6 37. Qxh5 Qf1+ 38. Kb2 Qxf4 39. Qe8+
Kc7 40. Qe2 Ne4 41. Qc4+ Kd7 42. Qd4 Qf3 43. a4 Nc5 44. h4 Ne6 45. Qh8 Qe4 46.
h5 Nd4 47. Qg7+ Kc6 48. Qg6 Qe5 49. Qg2+ Nf3+ 50. c3 Qxh5 51. Qe2 1/2-1/2

[Event "Abu Dhabi Open 2015"]
[Site "Abu Dhabi UAE"]
[Date "2015.08.30"]
[Round "8"]
[White "Kryvoruchko, Yuriy"]
[Black "Kulaots, Kaido"]
[Result "1/2-1/2"]
[WhiteElo "2697"]
[BlackElo "2573"]
[PlyCount "73"]
[EventDate "2015.08.23"]

1. e4 c5 2. Nf3 e6 3. d4 cxd4 4. Nxd4 Nf6 5. Nc3 d6 6. g4 h6 7. Rg1 Nc6 8. h4
h5 9. gxh5 Nxh5 10. Bg5 Nf6 11. Qd2 Qb6 12. Nb3 a6 13. O-O-O Bd7 14. Be2 Qc7
15. h5 Nxh5 16. Rh1 g6 17. Bxh5 gxh5 18. Qe2 Be7 19. Bxe7 Nxe7 20. Rxh5 O-O-O
21. Rxh8 Rxh8 22. Qd2 Bc6 23. Qxd6 Qxd6 24. Rxd6 Rh4 25. Kd2 Ng6 26. Rd4 Rh2
27. Ke3 Rh3+ 28. f3 Nh4 29. Nd2 Rh2 30. Nc4 Rxc2 31. Kf4 Kc7 32. Rd2 Rxd2 33.
Nxd2 f6 34. Ke3 Ng2+ 35. Kf2 Nf4 36. Ke3 Ng2+ 37. Kf2 1/2-1/2

[Event "Abu Dhabi Open 2015"]
[Site "Abu Dhabi UAE"]
[Date "2015.08.30"]
[Round "8"]
[White "Siva, Mahadevan"]
[Black "Almasi, Zoltan"]
[Result "0-1"]
[WhiteElo "2401"]
[BlackElo "2700"]
[PlyCount "68"]
[EventDate "2015.08.23"]

1. d4 Nf6 2. c4 e6 3. g3 d5 4. Nf3 Bb4+ 5. Bd2 Be7 6. Bg2 O-O 7. O-O c6 8. Qc2
b6 9. Rd1 Ba6 10. b3 Nbd7 11. a4 c5 12. Na3 Bb7 13. Qb2 Qc8 14. Rac1 dxc4 15.
Nxc4 Bd5 16. Bf4 Qb7 17. Nd6 Bxd6 18. Bxd6 Rfc8 19. dxc5 bxc5 20. Ne1 c4 21.
Bxd5 exd5 22. Rb1 Ne4 23. Bf4 Ndc5 24. f3 Nf6 25. Be5 Nxb3 26. Bxf6 gxf6 27.
Qxf6 Qb6+ 28. Qxb6 axb6 29. Rxd5 Rxa4 30. Rb5 Ra2 31. e4 Rc6 32. Rd1 Re2 33.
Nd3 Rd6 34. Kf1 Rd2 0-1

[Event "Abu Dhabi Open 2015"]
[Site "Abu Dhabi UAE"]
[Date "2015.08.31"]
[Round "9"]
[White "Almasi, Zoltan"]
[Black "Sandipan, Chanda"]
[Result "1-0"]
[WhiteElo "2700"]
[BlackElo "2585"]
[PlyCount "79"]
[EventDate "2015.08.23"]

1. e4 e5 2. Nf3 Nc6 3. Bb5 g6 4. c3 a6 5. Ba4 d6 6. d4 Bd7 7. O-O Bg7 8. Bg5
Nf6 9. Nbd2 h6 10. Bh4 b5 11. Bb3 O-O 12. dxe5 dxe5 13. Re1 Re8 14. Bd5 Qc8 15.
Bxf6 Bxf6 16. Nb3 Rb8 17. Nc5 Rd8 18. b4 Ne7 19. Bb3 Be8 20. Qe2 g5 21. Nd2 Ng6
22. g3 Nf4 23. gxf4 Rxd2 24. Qxd2 Qg4+ 25. Kf1 Qh3+ 26. Ke2 Rd8 27. Nd3 exf4
28. f3 c5 29. Bd5 cxb4 30. cxb4 Bd4 31. Rf1 Be3 32. Qb2 g4 33. Rae1 Bc6 34. Qf6
Rxd5 35. exd5 Qg2+ 36. Rf2 Bxf2 37. Nxf2 Qxf3+ 38. Kf1 Qxd5 39. Qxf4 h5 40. Re5
1-0

[Event "Abu Dhabi Open 2015"]
[Site "Abu Dhabi UAE"]
[Date "2015.08.31"]
[Round "9"]
[White "Pakleza, Zbigniew"]
[Black "Kryvoruchko, Yuriy"]
[Result "0-1"]
[WhiteElo "2520"]
[BlackElo "2697"]
[PlyCount "74"]
[EventDate "2015.08.23"]

1. d4 Nf6 2. Nf3 e6 3. c4 b6 4. g3 Bb7 5. Bg2 Bb4+ 6. Bd2 a5 7. O-O O-O 8. Bf4
Be7 9. Nc3 Ne4 10. Nxe4 Bxe4 11. Ne1 Bxg2 12. Kxg2 d6 13. Nf3 c5 14. e4 Qc7 15.
d5 e5 16. Bd2 a4 17. Bc3 Qb7 18. Re1 Nd7 19. Qd3 g6 20. Nd2 Bg5 21. Nb1 f5 22.
Na3 Nf6 23. exf5 e4 24. Rxe4 Nxe4 25. Qxe4 Rae8 26. Qg4 Rxf5 27. Nb5 Qd7 28. f4
Bh6 29. Rf1 Re3 30. Re1 Rxe1 31. Bxe1 Qe7 32. Kf1 Bg7 33. Qe2 Kf8 34. Qc2 Kg8
35. Qxa4 Bxb2 36. Qa7 Qe4 37. Qa4 Rf7 0-1

[Event "Moscow Championship (blitz) 2015"]
[Site "Moscow RUS"]
[Date "2015.09.06"]
[Round "1"]
[White "Novikov, Stanislav"]
[Black "Nepomniachtchi, Ian"]
[Result "0-1"]
[WhiteElo "2536"]
[BlackElo "2705"]
[PlyCount "72"]
[EventDate "2015.09.06"]
[EventType "blitz"]

1. e4 c5 2. Nf3 d6 3. d4 cxd4 4. Nxd4 Nf6 5. Nc3 a6 6. Be2 e5 7. Nb3 Be7 8. O-O
O-O 9. Re1 Be6 10. Bf3 Nbd7 11. a4 Nb6 12. a5 Nc4 13. Nd5 Rc8 14. Qd3 Nxd5 15.
exd5 Bd7 16. Nd2 Nxa5 17. b3 f5 18. c4 Bf6 19. Ra2 e4 20. Nxe4 fxe4 21. Bxe4 g6
22. Bh6 Rf7 23. Rae2 b5 24. h4 bxc4 25. bxc4 Nxc4 26. h5 Ne5 27. Qxa6 Bg4 28.
f3 Bxh5 29. Be3 g5 30. Bf5 Ra8 31. Qb5 Kg7 32. Be6 Rc7 33. Rf2 Bg6 34. f4 gxf4
35. Bxf4 Nd3 36. Bg3 Nxe1 0-1

[Event "Moscow Championship (blitz) 2015"]
[Site "Moscow RUS"]
[Date "2015.09.06"]
[Round "2"]
[White "Nepomniachtchi, Ian"]
[Black "Oparin, Grigoriy"]
[Result "1-0"]
[WhiteElo "2705"]
[BlackElo "2569"]
[PlyCount "75"]
[EventDate "2015.09.06"]
[EventType "blitz"]

1. e4 c5 2. Nf3 d6 3. d4 cxd4 4. Nxd4 Nf6 5. Nc3 a6 6. h3 e5 7. Nde2 h5 8. g3
Be7 9. a4 b6 10. Bg2 Bb7 11. O-O Nbd7 12. Bg5 Rc8 13. Qd2 O-O 14. Rad1 Rc4 15.
b3 Rc5 16. Qd3 Re8 17. Rd2 Qc8 18. h4 Bf8 19. Rc1 Qa8 20. Nd5 Nxd5 21. exd5 b5
22. Be3 e4 23. Bxe4 Ne5 24. Qd4 bxa4 25. Qxa4 Rc7 26. Nf4 Nc4 27. Bg2 Nxd2 28.
Bxd2 g6 29. c4 Bg7 30. Bb4 Rd8 31. Ba5 Qc8 32. Bxc7 Qxc7 33. Re1 Qc8 34. Bh3
Qb8 35. Re7 Bf6 36. Rd7 Rxd7 37. Qxd7 Qd8 38. Qxb7 1-0

[Event "Moscow Championship (blitz) 2015"]
[Site "Moscow RUS"]
[Date "2015.09.06"]
[Round "3"]
[White "Inarkiev, Ernesto"]
[Black "Nepomniachtchi, Ian"]
[Result "1-0"]
[WhiteElo "2660"]
[BlackElo "2705"]
[PlyCount "123"]
[EventDate "2015.09.06"]
[EventType "blitz"]

1. d4 Nf6 2. Nf3 g6 3. g3 d5 4. Bg2 Bg7 5. O-O O-O 6. c4 c6 7. Qb3 Qb6 8. Nc3
Rd8 9. Rd1 h6 10. c5 Qxb3 11. axb3 Na6 12. Ne5 Nd7 13. f4 Nxe5 14. fxe5 b6 15.
b4 Nxb4 16. cxb6 Na6 17. e4 e6 18. b4 axb6 19. b5 cxb5 20. exd5 exd5 21. Nxd5
Ra7 22. Be3 Be6 23. Nxb6 b4 24. Bf1 b3 25. Rxa6 Rxa6 26. Bxa6 Bxe5 27. Bc4 b2
28. Bxe6 fxe6 29. Nc4 Bxd4 30. Kg2 b1=Q 31. Rxb1 Bxe3 32. Nxe3 Rd2+ 33. Kg1 h5
34. Rf1 Re2 35. Nc4 Kg7 36. Rf2 Re4 37. Rc2 h4 38. Kf2 hxg3+ 39. hxg3 Kf6 40.
Kf3 Rd4 41. Ne3 g5 42. Re2 Ra4 43. Ng4+ Kf7 44. Re5 Ra3+ 45. Kg2 Kg6 46. Kh3
Ra6 47. Rb5 Rd6 48. Rb8 Rd1 49. Rf8 Re1 50. Rf6+ Kg7 51. Rf2 Kg6 52. Rf3 Kg7
53. Re3 Rh1+ 54. Kg2 Ra1 55. Rxe6 Ra4 56. Kh3 Rb4 57. Ne5 Kh7 58. Rg6 Re4 59.
Rxg5 Kh6 60. Rf5 Ra4 61. g4 Ra1 62. Nf3 1-0

[Event "Moscow Championship (blitz) 2015"]
[Site "Moscow RUS"]
[Date "2015.09.06"]
[Round "4"]
[White "Nepomniachtchi, Ian"]
[Black "Onischuk, Alexander"]
[Result "1-0"]
[WhiteElo "2705"]
[BlackElo "2662"]
[PlyCount "67"]
[EventDate "2015.09.06"]
[EventType "blitz"]

1. e4 e5 2. Nf3 Nc6 3. d4 exd4 4. Nxd4 Nf6 5. Nxc6 bxc6 6. e5 Qe7 7. Qe2 Nd5 8.
c4 Nb6 9. b3 a5 10. g3 a4 11. Ba3 Qe6 12. Bg2 axb3 13. axb3 Bb4+ 14. Bxb4 Rxa1
15. O-O Bb7 16. Qb2 Ra7 17. Bc5 Ra5 18. Qd4 Nc8 19. Nc3 Ne7 20. Ne4 h6 21. Qc3
Ra8 22. Qb4 Bc8 23. Re1 Kd8 24. Nd6 Nf5 25. Bh3 g6 26. Nxf5 gxf5 27. Qd2 Re8
28. Be3 d5 29. exd6 Qxd6 30. Qc1 Bd7 31. Rd1 Qe6 32. Qc2 Ke7 33. Qd2 Rad8 34.
Bc5+ 1-0

[Event "Moscow Championship (blitz) 2015"]
[Site "Moscow RUS"]
[Date "2015.09.06"]
[Round "5"]
[White "Malakhov, Vladimir"]
[Black "Nepomniachtchi, Ian"]
[Result "1/2-1/2"]
[WhiteElo "2694"]
[BlackElo "2705"]
[PlyCount "129"]
[EventDate "2015.09.06"]
[EventType "blitz"]

1. Nf3 g6 2. e4 Nf6 3. Nc3 d6 4. d4 a6 5. Be2 Bg7 6. O-O O-O 7. Re1 Nc6 8. d5
Na7 9. h3 c6 10. Bf1 Nb5 11. Na4 Nd7 12. c4 Nc7 13. Nc3 Nc5 14. Nd4 cxd5 15.
exd5 e5 16. dxe6 N5xe6 17. Be3 d5 18. Nxe6 Bxe6 19. Bb6 Qd6 20. Bxc7 Qxc7 21.
Nxd5 Qc5 22. Qd2 Rad8 23. Rad1 Rd7 24. b4 Qc6 25. Rxe6 Qxe6 26. Nf6+ Bxf6 27.
Qxd7 Rd8 28. Qxe6 fxe6 29. Bd3 Bc3 30. a3 Bb2 31. a4 Bc3 32. b5 axb5 33. cxb5
Rd4 34. f3 Rxa4 35. Be4 Bd4+ 36. Kh2 b6 37. h4 Kg7 38. Kh3 Kf6 39. Bc6 Rb4 40.
g3 h5 41. Be4 e5 42. Rc1 Bc5 43. Ra1 Rxb5 44. Ra8 g5 45. Rg8 gxh4 46. Kxh4 Rb2
47. Rg6+ Kf7 48. Kxh5 Rh2+ 49. Kg4 Bd4 50. Rc6 Ke7 51. Kf5 b5 52. Rc7+ Kd6 53.
Rb7 Kc5 54. g4 b4 55. g5 Rg2 56. g6 Be3 57. Kf6 Bg5+ 58. Kf5 Be3 59. g7 b3 60.
Kf6 Bh6 61. Bh7 Bxg7+ 62. Rxg7 Rxg7 63. Kxg7 Kd4 64. Kf6 Ke3 65. Kxe5 1/2-1/2

[Event "Moscow Championship (blitz) 2015"]
[Site "Moscow RUS"]
[Date "2015.09.06"]
[Round "6"]
[White "Nepomniachtchi, Ian"]
[Black "Lagno, Kateryna"]
[Result "1-0"]
[WhiteElo "2705"]
[BlackElo "2523"]
[PlyCount "70"]
[EventDate "2015.09.06"]
[EventType "blitz"]

1. e4 d6 2. d4 g6 3. Nf3 Nf6 4. Nc3 Bg7 5. Be3 c6 6. a4 O-O 7. h3 Nbd7 8. a5 e5
9. dxe5 Nxe5 10. Nxe5 dxe5 11. Qxd8 Rxd8 12. Bc4 Ne8 13. Ke2 Nc7 14. Rhd1 Bf6
15. Na4 Be6 16. Bxe6 Nxe6 17. c3 Be7 18. b4 Kf8 19. g3 Ke8 20. Nb2 Kf8 21. Na4
Ke8 22. Nb2 Nc7 23. Rxd8+ Rxd8 24. Nd3 Nb5 25. Kd2 Nd6 26. Bxa7 Nxe4+ 27. Kc2
f5 28. Bb6 Rd7 29. a6 bxa6 30. Rxa6 Bf6 31. Ba5 Rd6 32. Bc7 Re6 33. b5 Kd7 34.
b6 Re8 35. Ra7 Rc8 1-0

[Event "Moscow Championship (blitz) 2015"]
[Site "Moscow RUS"]
[Date "2015.09.06"]
[Round "7"]
[White "Riazantsev, Alexander"]
[Black "Nepomniachtchi, Ian"]
[Result "0-1"]
[WhiteElo "2646"]
[BlackElo "2705"]
[PlyCount "150"]
[EventDate "2015.09.06"]
[EventType "blitz"]

1. d4 f5 2. g3 Nf6 3. Bg2 g6 4. c3 Nc6 5. Qb3 d5 6. Nd2 e5 7. dxe5 Nxe5 8. Ngf3
Nf7 9. O-O Bg7 10. c4 d4 11. Qa3 Bf8 12. Qd3 c5 13. b4 cxb4 14. a3 bxa3 15.
Bxa3 Bxa3 16. Rxa3 O-O 17. Qxd4 a6 18. Qxd8 Rxd8 19. e3 Rb8 20. Rb1 Nd7 21. Nd4
Re8 22. N2b3 Nfe5 23. c5 Kg7 24. Ra2 Ra8 25. Rc2 a5 26. Ra1 a4 27. Rca2 Nd3 28.
c6 bxc6 29. Bxc6 Rb8 30. Rxa4 Re7 31. Ra7 Kf8 32. Rd1 N3e5 33. Bg2 Nf7 34. Nc6
Rxb3 35. Rc7 Re8 36. Na7 Nb6 37. Rdc1 Be6 38. Nc6 Bd5 39. Nd4 Rb2 40. Bf1 Ra2
41. R7c5 Raa8 42. Rb1 Rab8 43. Rxb6 Rxb6 44. Rxd5 Rd6 45. Ra5 Re7 46. Bc4 Ne5
47. Be2 Nc6 48. Nxc6 Rxc6 49. Ra2 Kg7 50. h4 Rb7 51. Bf3 Rc1+ 52. Kh2 Rbc7 53.
Rd2 Ra1 54. Kg2 Ra6 55. Rb2 Kf6 56. Rd2 h6 57. Rb2 g5 58. hxg5+ hxg5 59. Rd2 g4
60. Be2 Ra1 61. Rd1 Ra2 62. Bd3 Rd7 63. Bc4 Rxf2+ 64. Kxf2 Rxd1 65. Ba6 Ke5 66.
Bb7 Rd2+ 67. Kf1 Rb2 68. Bc6 Kd6 69. Ba8 Rb8 70. Bg2 Kc5 71. Kg1 Rb1+ 72. Kf2
Rb2+ 73. Kf1 Kc4 74. Bc6 Kd3 75. Bd7 Kxe3 0-1

[Event "Moscow Championship (blitz) 2015"]
[Site "Moscow RUS"]
[Date "2015.09.06"]
[Round "8"]
[White "Grachev, Boris"]
[Black "Nepomniachtchi, Ian"]
[Result "1/2-1/2"]
[WhiteElo "2649"]
[BlackElo "2705"]
[PlyCount "54"]
[EventDate "2015.09.06"]

1. d4 Nf6 2. Nf3 g6 3. Bf4 Bg7 4. e3 c5 5. c3 Qb6 6. Qb3 d6 7. Nbd2 Be6 8. Bc4
Bxc4 9. Nxc4 Qa6 10. dxc5 dxc5 11. a4 O-O 12. O-O b6 13. Qb5 Qb7 14. Rfd1 Nbd7
15. Nfe5 Nxe5 16. Bxe5 Rad8 17. a5 Rxd1+ 18. Rxd1 Qe4 19. Bxf6 Bxf6 20. axb6
axb6 21. Nxb6 Qc2 22. Rf1 Rd8 23. Nd7 c4 24. Nxf6+ exf6 25. Qxc4 Qxb2 26. Qb4
Qd2 27. g3 Rc8 1/2-1/2

[Event "Moscow Championship (blitz) 2015"]
[Site "Moscow RUS"]
[Date "2015.09.06"]
[Round "9"]
[White "Nepomniachtchi, Ian"]
[Black "Demidov, Mikhail"]
[Result "1-0"]
[WhiteElo "2705"]
[BlackElo "2497"]
[PlyCount "79"]
[EventDate "2015.09.06"]

1. e4 e6 2. d4 d5 3. Nc3 Be7 4. Be3 Bf8 5. Bc1 Be7 6. Be3 Bf8 7. Bc1 Be7 8. Be3
dxe4 9. Nxe4 Bd7 10. Qg4 g6 11. Qg3 Bc6 12. Bd3 Nd7 13. O-O-O Bxe4 14. Bxe4 c6
15. Nf3 Ngf6 16. Bd3 Nd5 17. Bd2 Nb4 18. Bxb4 Bxb4 19. Kb1 Qb8 20. Ne5 Nxe5 21.
dxe5 Qc7 22. Be4 Rd8 23. h4 Be7 24. h5 gxh5 25. f4 h4 26. Qg7 Rf8 27. Bxh7 Qb6
28. f5 exf5 29. e6 Rd5 30. exf7+ Kd7 31. Bxf5+ Kc7 32. Be6 Rxd1+ 33. Rxd1 Qe3
34. Bb3 Bc5 35. a3 a5 36. Rd3 Qg1+ 37. Ka2 Kb6 38. Qe5 Ra8 39. Rd7 Ra7 40. Bc4
1-0